[Event "Tata Steel India Rapid"]
[Site "Kolkata IND"]
[Date "2019.11.23"]
[Round "6.2"]
[White "Anand, Viswanathan"]
[Black "Giri, Anish"]
[Result "0-1"]
[WhiteTitle "GM"]
[BlackTitle "GM"]
[WhiteElo "2757"]
[BlackElo "2776"]
[WhiteFideId "5000017"]
[BlackFideId "24116068"]
[EventDate "2019.11.22"]
[EventType "rapid"]

1. e4 e5 2. Nf3 Nc6 3. Bc4 Nf6 4. d3 Bc5 5. O-O d6 6. c3 a6 7. a4 Ba7 8. Re1 O-O
9. h3 h6 10. Nbd2 Re8 11. b4 Be6 12. Bxe6 Rxe6 13. Qc2 Qd7 14. Nf1 d5 15. Ng3
Rd8 16. Bb2 b5 17. axb5 axb5 18. Rad1 dxe4 19. dxe4 Rd6 20. Rxd6 cxd6 21. Bc1
Ne7 22. Be3 Bxe3 23. Rxe3 Qc6 24. Rd3 Ra8 25. Qd1 Ra6 26. Re3 g6 27. Nd2 Kg7 28.
Nb3 Qc7 29. Nf1 Ra3 30. Nfd2 Nh5 31. Qf1 Qd7 32. Re1 Nf4 33. Kh2 Qc6 34. c4 bxc4
35. Na5 Qc7 36. Qxc4 Qb6 37. Rf1 Ra4 38. Qc3 Rxb4 39. Nac4 Qc5 40. g3 Ne6 41. f4
Nd4 42. Qd3 exf4 43. gxf4 d5 44. Ne3 dxe4 45. Nxe4 Qc6 46. Ng3 Kh7 47. Qe4 Rb2+
48. Ng2 Qxe4 49. Nxe4 Nef5 50. Nf6+ Kg7 51. Nd5 Nh4 52. Ne3 Nxg2 0-1

[Event "Tata Steel India Rapid"]
[Site "Kolkata IND"]
[Date "2019.11.24"]
[Round "9.2"]
[White "Aronian, Levon"]
[Black "Vidit, Santosh Gujrathi"]
[Result "1-0"]
[WhiteTitle "GM"]
[BlackTitle "GM"]
[WhiteElo "2772"]
[BlackElo "2722"]
[WhiteFideId "13300474"]
[BlackFideId "5029465"]
[EventDate "2019.11.22"]
[EventType "rapid"]

1. e4 e5 2. Nf3 Nc6 3. Bc4 Nf6 4. Ng5 d5 5. exd5 Na5 6. Bb5+ c6 7. dxc6 bxc6 8.
Bd3 Nd5 9. Nf3 Bd6 10. O-O O-O 11. Re1 f5 12. Nxe5 Qf6 13. Nf3 g5 14. c4 Nf4 15.
Bf1 g4 16. d4 gxf3 17. Qxf3 Ne6 18. c5 Bc7 19. b4 Qxd4 20. Qc3 Qxc3 21. Nxc3 Nb7
22. Bc4 Re8 23. Bb2 a5 24. b5 Nxc5 25. Ba3 Ne4 26. Nxe4 fxe4 27. b6 Bxb6 28.
Rxe4 Kf7 29. Rae1 Ra7 30. Kh1 a4 31. f4 Ra5 32. g4 Bc5 33. Bxc5 Rxc5 34. f5 h5
35. Bxe6+ Bxe6 36. fxe6+ Ke7 37. Rxa4 h4 38. Rf4 Rc2 39. Rf7+ Kd6 40. Rd7+ Kc5
41. Rh7 Kd6 42. e7 Rd2 43. Rxh4 Rxe7 44. Rh6+ Kd7 45. Rxe7+ Kxe7 46. Rxc6 Rxa2
47. Rc3 Kf6 48. h4 Ke5 49. Rf3 Ra4 50. Rg3 Kf4 51. Rg2 Kf3 52. h5 Kf4 53. g5 Kf5
54. g6 1-0

[Event "Tata Steel India Rapid"]
[Site "Kolkata IND"]
[Date "2019.11.24"]
[Round "9.5"]
[White "Giri, Anish"]
[Black "So, Wesley"]
[Result "1/2-1/2"]
[WhiteTitle "GM"]
[BlackTitle "GM"]
[WhiteElo "2776"]
[BlackElo "2760"]
[WhiteFideId "24116068"]
[BlackFideId "5202213"]
[EventDate "2019.11.22"]
[EventType "rapid"]

1. d4 Nf6 2. c4 e6 3. Nf3 d5 4. g3 dxc4 5. Bg2 Nc6 6. Qa4 Bb4+ 7. Bd2 Nd5 8.
Bxb4 Nxb4 9. O-O Rb8 10. Na3 O-O 11. Qb5 b6 12. Qxc4 Ba6 13. Nb5 Qe8 14. Rfc1
Nd5 15. e4 Na5 16. Nxc7 Bxc4 17. Nxe8 Rfxe8 18. exd5 Bxd5 19. Rc7 Rb7 20. Rac1
Rxc7 21. Rxc7 Nc6 22. Ne5 Nxe5 23. Bxd5 exd5 24. dxe5 g5 25. Rxa7 Rxe5 26. Kf1
g4 27. Ra4 h5 28. Rb4 Re6 29. Rb5 Rd6 30. Ke2 Kg7 31. Kd3 Rf6 32. Ke2 Re6+ 33.
Kd2 Rf6 34. Ke2 Re6+ 1/2-1/2